000 00281nam a22001217a 4500
008 180511b xxu||||| |||| 00| 0 eng d
041 _aeng
080 _a043.3
100 _a0
101 _aSHKI-BTH
245 _aSiguria e internet protokol IPV4 IPV6
_cJunuzi,I
942 _2udc
_cBK
999 _c45704
_d45704